Организационно-экономические основы гибкого производства: учебное пособие

Библиографические подробности
Главный автор: Васильев В. Н. Владимир Николаевич
Другие авторы: Садовская Т. Г. Татьяна Георгиевна
Язык:русский
Опубликовано: Москва, Высшая школа, 1988
Предметы:
Формат: Книга
Запись в KOHA:https://koha.lib.tpu.ru/cgi-bin/koha/opac-detail.pl?biblionumber=34650

MARC

LEADER 00000nam0a2200000 4500
001 34650
005 20231030230320.0
010 |a 5060012433 
035 |a (RuTPU)RU\TPU\book\35054 
035 |a BOOK00001705 
090 |a 34650 
100 |a 20011210d1988 m y0rusy50 ca 
101 0 |a rus 
102 |a RU 
105 |a a j 000zy 
200 1 |a Организационно-экономические основы гибкого производства  |e учебное пособие  |f В. Н. Васильев, Т. Г. Садовская 
210 |a Москва  |c Высшая школа  |d 1988 
215 |a 272 с.  |c ил. 
610 1 |a гибкие производства 
610 1 |a организационно-экономические проблемы 
610 1 |a теория 
610 1 |a методические основы 
610 1 |a отличия 
610 1 |a учебные пособия 
675 |a 658.52.011.56(075.8)  |v 3 
700 1 |a Васильев  |b В. Н.  |g Владимир Николаевич 
701 1 |a Садовская  |b Т. Г.  |g Татьяна Георгиевна 
801 0 |a RU  |b 63413507  |c 20011210  |g PSBO 
801 2 |a RU  |b 63413507  |c 20201006  |g PSBO 
900 |a Организация и планирование производства. Основы менеджмента 
942 |c BK